| 000 | 00540nam a2200229Ia 4500 | ||
|---|---|---|---|
| 005 | 20250425162455.0 | ||
| 008 | 250425s9999 xx 000 0 und d | ||
| 020 | _a9788445819104 | ||
| 041 | _aspa | ||
| 082 | _a615.854 | ||
| 100 | _aMAHAN, L. KATHLEEN | ||
| 245 | 0 | _aKRAUSE DIETOTERAPIA | |
| 250 | _a12A ED. | ||
| 260 | _aBARCELONA | ||
| 260 |
_aEspaƱa _bELSEVIER MASSON _c2009 |
||
| 300 | _a1351 | ||
| 650 | _aDIETA TERAPEUTICA | ||
| 650 | _aNUTRICION | ||
| 650 | _aTERAPIA NUTRICIONAL | ||
| 942 | _c01 | ||
| 010 | _a76518 | ||
| 999 |
_c229973 _d229973 |
||